Loading...
| Current Events | 1 | 10.00 | 100% | 0% | 0% |
| Fine Arts - Classical Music | 6 | 11.67 | 100% | 17% | 0% |
| Fine Arts - Other | 3 | 13.33 | 67% | 67% | 0% |
| Fine Arts - Painting and Sculpture | 4 | 15.00 | 100% | 50% | 0% |
| Geography | 2 | 15.00 | 100% | 50% | 0% |
| History - American | 1 | 20.00 | 100% | 100% | 0% |
| History - European | 6 | 20.00 | 100% | 83% | 17% |
| History - Other | 6 | 15.00 | 100% | 50% | 0% |
| History - World | 3 | 16.67 | 100% | 33% | 33% |
| Literature - American | 6 | 15.00 | 100% | 50% | 0% |
| Literature - British | 5 | 10.00 | 80% | 20% | 0% |
| Literature - European | 6 | 13.33 | 100% | 33% | 0% |
| Literature - World | 5 | 18.00 | 100% | 80% | 0% |
| Mythology | 6 | 11.67 | 100% | 17% | 0% |
| Philosophy | 3 | 10.00 | 100% | 0% | 0% |
| Popular Culture | 1 | 10.00 | 100% | 0% | 0% |
| Religion | 3 | 20.00 | 100% | 100% | 0% |
| Science - Biology | 3 | 13.33 | 67% | 67% | 0% |
| Science - Chemistry | 6 | 13.33 | 100% | 17% | 17% |
| Science - Other | 3 | 10.00 | 67% | 33% | 0% |
| Science - Physics | 4 | 7.50 | 75% | 0% | 0% |
| Social Science | 3 | 6.67 | 67% | 0% | 0% |